000 00754nam a2200241 a 4500
999 _c844
_d844
008 191104t2009 ii ||||g |||| 00| 0 eng d
020 _a9780143067078
_cRs. 425.00
040 _aKO
_beng
041 0 _aeng
044 _aii
082 0 4 _223
_a954.0532
_bN59
100 1 _aNilekani, Nandan
245 1 0 _aImagining India :
_bIdeas for the new century /
_cNandan Nilekani
260 _aNew Delhi :
_bPenguin Books India Pvt. Ltd. ,
_c2009
300 _a531 p. ;
_c22 cm.
504 _aIncludes Index.
650 0 _aHISTORY / Modern / 21st Century; Social change
_zIndia
650 0 _aCivilization; Economic history; Social change Politics & Government
_zIndia
650 0 _aEconomic conditions
_zIndia
904 _aA_BOSE
942 _cBK